| 000 | 00400nam a22001217a 4500 | ||
|---|---|---|---|
| 999 |
_c9935 _d9935 |
||
| 003 | OSt | ||
| 008 | 201217b ||||| |||| 00| 0 eng d | ||
| 245 | _aIndian Journal of Knowledge Management and Information Technology | ||
| 250 | _a2015(Jul-Dec Vol.4 No.2) 2016(Jul-Dec Vol.5 No.2, Jan-Jun Vol.5 No.1) | ||
| 260 |
_aNew Delhi _bGBS Publishers and Distributors |
||
| 650 | _aManagement | ||
| 942 |
_2ddc _cBV |
||